[Event "IECG WC.2005.F.00007 email"]
[Site "IECG email"]
[Date "2006.06.05"]
[Round "?"]
[White "Safaryan, Armen"]
[Black "Baroin, Bernard"]
[Result "1-0"]
[WhiteElo "2166"]
[BlackElo "2078"]
[PlyCount "21"]
[EventDate "2006.06.05"]
[EventType "tourn (corr)"]
[EventRounds "14"]
[SourceTitle "Corr 2024"]
[Source "ChessBase"]
[SourceDate "2023.10.19"]
[SourceVersion "1"]
[SourceVersionDate "2023.10.19"]
[SourceQuality "1"]

1. e4 e5 2. f4 exf4 3. Nf3 d5 4. exd5 Qxd5 5. Nc3 Qe6+ 6. Be2 Bd6 7. 0-0 Ne7 8. d4 Qh6 9. Nb5 0-0 10. c4 a6 11. Nxd6 1-0

[Event "Internet Section 06A g/8'+2\""]
[Site "Dos Hermanas"]
[Date "2004.03.06"]
[Round "2"]
[White "Safaryan, Armen"]
[Black "Lagumina, Giulio"]
[Result "0-1"]
[WhiteElo "1984"]
[BlackElo "2311"]
[PlyCount "46"]
[EventDate "2004.03.06"]
[EventType "swiss (blitz)"]
[EventRounds "9"]
[EventCountry "ESP"]
[SourceTitle "CBM 099 Extra"]
[Source "ChessBase"]
[SourceDate "2004.05.04"]
[SourceVersion "1"]
[SourceVersionDate "2004.05.04"]
[SourceQuality "1"]

1. e4 e5 2. Nf3 d6 3. Bc4 Nf6 4. Nc3 Be6 5. Bxe6 fxe6 6. d4 exd4 7. Nxd4 Qd7 8. 0-0 Nc6 9. Bg5 Be7 10. f4 0-0 11. Kh1 Nxd4 12. Qxd4 Nh5 13. Bxe7 Qxe7 14. e5 Qh4 15. exd6 Ng3+ 16. Kg1 Nxf1 17. Rxf1 cxd6 18. Qxd6 Qf6 19. Ne4 Qxb2 20. Qxe6+ Kh8 21. Ng5 Qd4+ 22. Kh1 Qf6 23. Qh3 Qxg5 0-1

[Event "Internet Section 06A g/8'+2\""]
[Site "Dos Hermanas"]
[Date "2004.03.06"]
[Round "7"]
[White "Safaryan, Armen"]
[Black "Montero Martinez, Cristian"]
[Result "1-0"]
[WhiteElo "2054"]
[BlackElo "2259"]
[PlyCount "73"]
[EventDate "2004.03.06"]
[EventType "swiss (blitz)"]
[EventRounds "9"]
[EventCountry "ESP"]
[SourceTitle "CBM 099 Extra"]
[Source "ChessBase"]
[SourceDate "2004.05.04"]
[SourceVersion "1"]
[SourceVersionDate "2004.05.04"]
[SourceQuality "1"]

1. e4 e5 2. Nf3 d6 3. d4 Nf6 4. Nc3 Nbd7 5. Bc4 Be7 6. 0-0 0-0 7. Qe2 c6 8. Rd1 Qc7 9. Bg5 b5 10. Bb3 a6 11. a3 h6 12. Bh4 Re8 13. Bg3 Nh5 14. Bxf7+ Kxf7 15. Nxe5+ dxe5 16. Qxh5+ Kf8 17. dxe5 Bc5 18. e6 Nf6 19. Qxe8+ Nxe8 20. Bxc7 Nxc7 21. Rd8+ Ke7 22. Rad1 Bxe6 23. Rxa8 Nxa8 24. b4 Bd6 25. g3 Be5 26. Ne2 Bg4 27. Kf1 Bf3 28. Nd4 Bxe4 29. Re1 Kd6 30. Rxe4 Kd5 31. Rxe5+ Kxe5 32. Nxc6+ Kd5 33. Na5 Nb6 34. Ke2 Nc4 35. Nxc4 Kxc4 36. Kd2 g5 37. f3 1-0